000
00295nam a22001337a 4500
008
170526b xxu||||| |||| 00| 0 eng d
020
_a
9780878578955
041
_a
eng
080
_a
621
100
_a
25
101
_a
IM
245
_a
BICYCLE MAINTENANCE AND REPAIR
_c
WOLF,R
942
_2
udc
_c
BK
999
_c
14311
_d
14311